| 000 | 00860cac a22002171u 4500 | ||
|---|---|---|---|
| 090 | _c3862 | ||
| 008 | 081126t 1991xxu||||| |||| 00| 0 eng d | ||
| 010 | _a 90045401 | ||
| 020 | _a 007837443X | ||
| 082 | 0 | 0 |
_a657.42 _bCOS |
| 100 |
_aPolimeni, Ralph S. _91348 |
||
| 245 | 0 | 0 |
_aCost accounting : _bconcepts and applications for managerial decision making / _cRalph S. Polimeni ... [et al.]. |
| 250 | _a3rd ed. | ||
| 260 |
_aNew York : _bMcGraw-Hill, _c1991. |
||
| 300 |
_axvi, 1136 p. ; _c25 cm. + _e1 computer disk (5 1/4 in.) |
||
| 500 | _aRev. ed. of: Cost accounting / Ralph S. Polimeni, Frank J. Fabozzi, Arthur H. Adelberg. | ||
| 500 | _aSystem requirements for computer disk: IBM PC and other compatible systems. | ||
| 504 | _aIncludes bibliographical references and index. | ||
| 650 | 0 | _aCost accounting. | |
| 942 |
_cBB _k657.42COS _2ddc |
||
| 999 |
_c3862 _d3862 |
||